Score 0/20 Timer 03:00
0 Plays Today
Title Answer % Correct
The ____ in the RyeCatcher
97.7%
The ____ of the WildCall
97.5%
The ____ PurpleColor
96.8%
____ WebCharlotte's
96.2%
____ RoyaleCasino
96.1%
A ____ OrangeClockwork
94.6%
One Flew Over the ____ NestCuckoo's
94.1%
In ____ BloodCold
93.9%
Harry Potter and the ____ of SecretsChamber
93%
The Joy Luck ____Club
87.5%
Title Answer % Correct
Cat's ____Cradle
86.5%
I Know Why the ____ Bird SingsCaged
85.4%
The Iceman ____Cometh
84.2%
Love in the Time of ____Cholera
74.9%
Death ____ for the ArchbishopComes
72.7%
Like Water for ____Chocolate
71.4%
____ RowCannery
69.6%
The ____ OrchardCherry
69.2%
Cry, the Beloved ____Country
63.2%
Midnight's ____Children
45.5%

Today's Daily Dose

Remove Ads.
Support Sporcle.
Get the best of Sporcle when you Go Orange. This ad-free experience offers more features, more stats, and more fun while also helping to support Sporcle. Thank you for becoming a member.

You're not logged in!

Compare scores with friends on all Sporcle quizzes.
OR
Log In

Show Comments

Extras

Top Quizzes Today


Score Distribution

Your Account Isn't Verified!

In order to create a playlist on Sporcle, you need to verify the email address you used during registration. Go to your Sporcle Settings to finish the process.

Report this User

Report this user for behavior that violates our Community Guidelines.

Details: